000 00849nam a2200277Ia 4500
003 OSt
005 20220928125330.0
006 a|||||r|||| 00| 0
007 ta
008 220927b |||||||| |||| 00| 0 eng d
020 _cINR 399.00
024 _a133191
037 _b0277, 08/03/2017, Bookwell Publications
_cTextual
040 _aSDCL
_cSDCL
_beng
041 _2eng
_aeng
082 _aO-,3, N6 LR
100 _aBaigent Michael
_9469295
245 0 _aHoly blood and the holy grail
260 _aLondon
_bArrow Books
_c1996
300 _axvii,558p.
_ccm.
650 _aReference
700 _a Leigh Richard
_9469296
700 _a Lincoln Henry
_9469297
942 _hO-,3, N6 LR
_cTEXL
_2CC
999 _c781964
_d781964